000 00663nam a2200277 a 4500
003 AR-BaBNM
005 20251128203741.0
008 082120s2002 ||||||||||||||000 | spa||
040 _cAR-BaBNM
100 1 _aWodehouse, P.G.
245 0 0 _aDejádselo a Psmith
250 _a2ª ed.
260 _aBarcelona
_bAl Monigote de Papel
_c1947
300 _a259 p.
490 0 _aOptimista
650 4 _aESCRITORES
650 4 _aLITERATURA INGLESA
650 4 _aNOVELAS
650 4 _aHUMOR
650 4 _aLITERATURA EXTRANJERA
653 _aNARRATIVA
655 _aLITERATURA
700 1 _aMatas Ros, Claudio
_etraductor
942 _cBK
998 _cMARTIN
999 _c4783
_d4783